[Event "Medellin Easter op 11th"]
[Site "Medellin"]
[Date "2023.04.08"]
[Round "5"]
[White "Gomez Rondon, Samuel"]
[Black "Garcia Ospina, Sebastian"]
[Result "1-0"]
[WhiteElo "1797"]
[BlackElo "1261"]
[PlyCount "43"]
[EventDate "2023.04.05"]
[EventType "swiss"]
[EventRounds "7"]
[EventCountry "COL"]
[SourceTitle "CBM 213 Extra"]
[Source "ChessBase"]
[SourceDate "2023.05.31"]
[SourceVersion "1"]
[SourceVersionDate "2023.05.31"]
[SourceQuality "1"]

1. e4 d6 2. d4 Nf6 3. Nc3 g6 4. f3 Bg7 5. Be3 Nbd7 6. Qd2 e5 7. 0-0-0 c6 8. g4 b5 9. h4 h5 10. g5 Ng8 11. dxe5 dxe5 12. Bh3 Ne7 13. Bc5 a5 14. Qd6 Bf8 15. Bb6 Ng8 16. Qxf8+ Kxf8 17. Bxd8 Ke8 18. Bxd7+ Bxd7 19. Bc7 b4 20. Na4 Ra7 21. Bxe5 Rh7 22. Ne2 1-0

[Event "Medellin Easter op 11th"]
[Site "Medellin"]
[Date "2023.04.06"]
[Round "3"]
[White "Gomez Rondon, Samuel"]
[Black "Zapata Sanchez, Juan Jose"]
[Result "1-0"]
[WhiteElo "1797"]
[BlackElo "1169"]
[PlyCount "47"]
[EventDate "2023.04.05"]
[EventType "swiss"]
[EventRounds "7"]
[EventCountry "COL"]
[SourceTitle "CBM 213 Extra"]
[Source "ChessBase"]
[SourceDate "2023.05.31"]
[SourceVersion "1"]
[SourceVersionDate "2023.05.31"]
[SourceQuality "1"]

1. e4 c6 2. d4 d5 3. Nd2 dxe4 4. Nxe4 Nf6 5. Ng3 e5 6. Nf3 exd4 7. Qxd4 Qxd4 8. Nxd4 Bc5 9. Be3 0-0 10. 0-0-0 Ng4 11. Bc4 Nd7 12. Ne6 Nxe3 13. Nxf8 Ne5 14. fxe3 Nxc4 15. Rd8 Bxf8 16. Nf5 Bxf5 17. Rxa8 g6 18. b3 Na3 19. c3 a6 20. Rb8 Nb5 21. c4 Nd6 22. Rd1 Kg7 23. Rxf8 Nxc4 24. Re8 1-0

[Event "Medellin Aristizabal Cup"]
[Site "Medellin"]
[Date "2022.07.09"]
[Round "3"]
[White "Gomez Rondon, Samuel"]
[Black "Chirivi Castiblanco, Angie Lizeth"]
[Result "1-0"]
[WhiteElo "1709"]
[BlackElo "2093"]
[PlyCount "93"]
[EventDate "2022.07.08"]
[EventType "swiss"]
[EventRounds "7"]
[EventCountry "COL"]
[SourceTitle "CBM 209 Extra"]
[Source "ChessBase"]
[SourceDate "2022.09.30"]
[SourceVersion "1"]
[SourceVersionDate "2022.09.30"]
[SourceQuality "1"]

1. e4 e5 2. Nf3 Nc6 3. Bb5 a6 4. Ba4 Nf6 5. Nc3 b5 6. Bb3 Be7 7. d3 0-0 8. Bg5 d6 9. Qd2 Rb8 10. h3 Nd4 11. Nxd4 exd4 12. Bxf6 Bxf6 13. Ne2 c5 14. f4 Qc7 15. Bd5 Be6 16. Bxe6 fxe6 17. 0-0 e5 18. Rf3 c4 19. Raf1 Qc5 20. Qe1 d5 21. Qf2 cxd3 22. cxd3 dxe4 23. dxe4 exf4 24. Nxf4 Rbe8 25. Nd3 Qd6 26. e5 Rxe5 27. Nxe5 Qxe5 28. Qg3 Qe6 29. Kh1 Kh8 30. Rf4 Rd8 31. Qd3 Qxa2 32. b3 Qb2 33. R4f3 Qc3 34. Qe4 Qc5 35. Qd3 Qc3 36. Qe4 Qc5 37. Qd3 Qd6 38. Rf5 Rc8 39. Rh5 h6 40. Qg6 Rf8 41. Rxh6+ gxh6 42. Qxh6+ Kg8 43. Qg6+ Kh8 44. Rf5 Bg5 45. Qxd6 Rxf5 46. Qxd4+ Bf6 47. Qd3 1-0

[Event "Medellin U2000 op"]
[Site "Medellin"]
[Date "2022.05.22"]
[Round "6"]
[White "Gomez Rondon, Samuel"]
[Black "Orozco Arias, Andres"]
[Result "1-0"]
[WhiteElo "1676"]
[BlackElo "1552"]
[PlyCount "83"]
[EventDate "2022.05.18"]
[EventType "swiss"]
[EventRounds "7"]
[EventCountry "COL"]
[SourceTitle "CBM 208 Extra"]
[Source "ChessBase"]
[SourceDate "2022.07.31"]
[SourceVersion "1"]
[SourceVersionDate "2022.07.31"]
[SourceQuality "1"]

1. e4 e5 2. Nf3 Nc6 3. Nc3 Nf6 4. Bb5 Nd4 5. d3 Nxb5 6. Nxb5 c6 7. Nc3 Bd6 8. Bg5 h6 9. Bh4 Bc7 10. Qd2 Qe7 11. 0-0-0 g5 12. Bg3 Nh5 13. d4 Nxg3 14. hxg3 f6 15. dxe5 Bxe5 16. Nxe5 fxe5 17. Qd6 Qxd6 18. Rxd6 Ke7 19. Rdxh6 Rxh6 20. Rxh6 d6 21. Rh8 a5 22. Nd1 g4 23. Ne3 Kd7 24. Nxg4 Kc7 25. Nf6 Ra6 26. Ne8+ Kd7 27. Nxd6 Kxd6 28. Rxc8 b6 29. f4 exf4 30. gxf4 Ra7 31. Rg8 Rf7 32. g3 Re7 33. e5+ Kd5 34. Rg6 b5 35. g4 c5 36. g5 Ke4 37. Rf6 c4 38. Kd2 b4 39. g6 Rg7 40. f5 Kxe5 41. Rf7 Rg8 42. g7 1-0

[Event "Medellin Luces op"]
[Site "Medellin"]
[Date "2020.12.13"]
[Round "3"]
[White "Zapata Cuartas, Juan Carlos"]
[Black "Gomez Rondon, Samuel"]
[Result "1-0"]
[WhiteElo "2073"]
[BlackElo "1710"]
[PlyCount "61"]
[EventDate "2020.12.12"]
[EventType "swiss"]
[EventRounds "7"]
[EventCountry "COL"]
[SourceTitle "CBM 199 Extra"]
[Source "ChessBase"]
[SourceDate "2021.01.31"]
[SourceVersion "1"]
[SourceVersionDate "2021.01.31"]
[SourceQuality "1"]

1. d4 Nf6 2. c4 g6 3. Nc3 Bg7 4. e4 d6 5. Nf3 0-0 6. Be2 Nbd7 7. 0-0 e5 8. d5 a5 9. Ne1 Nc5 10. f3 Ne8 11. Be3 b6 12. a3 f5 13. b4 axb4 14. axb4 Rxa1 15. Qxa1 Nd7 16. Nd3 Bb7 17. Qa7 Qc8 18. Rc1 f4 19. Bf2 Nef6 20. c5 bxc5 21. bxc5 dxc5 22. Bxc5 Qa8 23. Nb5 Qxa7 24. Bxa7 Ba6 25. Nxc7 Bxd3 26. Bxd3 Ne8 27. Ne6 Rf7 28. Rc8 Ndf6 29. Bc5 Rb7 30. d6 Bf8 31. Nxf8 1-0

[Event "Antioquia op"]
[Site "Antioquia"]
[Date "2020.03.07"]
[Round "8"]
[White "Ladron De Guevara Mendez, Lorena"]
[Black "Gomez Rondon, Samuel"]
[Result "0-1"]
[WhiteElo "1327"]
[BlackElo "1759"]
[PlyCount "74"]
[EventDate "2020.03.03"]
[EventType "swiss"]
[EventRounds "9"]
[EventCountry "COL"]
[SourceTitle "CBM 195 Extra"]
[Source "ChessBase"]
[SourceDate "2020.05.31"]
[SourceVersion "1"]
[SourceVersionDate "2020.05.31"]
[SourceQuality "1"]

1. e4 c5 2. Nf3 Nc6 3. c3 g6 4. d4 cxd4 5. cxd4 Bg7 6. Nc3 d6 7. h3 Nf6 8. Bd3 0-0 9. 0-0 a6 10. Be3 b5 11. Qd2 Bb7 12. Bh6 Qb6 13. Ne2 a5 14. a3 e6 15. Be3 d5 16. e5 Nd7 17. Rac1 Rfc8 18. g4 a4 19. Nh4 Na5 20. Bc2 Nc4 21. Qe1 Nxe3 22. fxe3 Rf8 23. g5 Ba6 24. Ng2 b4 25. h4 Rac8 26. Ngf4 b3 27. Bb1 Rxc1 28. Qxc1 Rc8 29. Qe1 Qc7 30. h5 Nb6 31. Qh4 Bxe2 32. Nxe2 Nc4 33. Rc1 Qd8 34. hxg6 hxg6 35. Rf1 Nd2 36. Rd1 Nf3+ 37. Kf2 Nxh4 0-1

[Event "Antioquia op"]
[Site "Antioquia"]
[Date "2020.03.04"]
[Round "3"]
[White "Cabrera Novoa, Emanuel"]
[Black "Gomez Rondon, Samuel"]
[Result "0-1"]
[WhiteElo "1380"]
[BlackElo "1759"]
[PlyCount "50"]
[EventDate "2020.03.03"]
[EventType "swiss"]
[EventRounds "9"]
[EventCountry "COL"]
[SourceTitle "CBM 195 Extra"]
[Source "ChessBase"]
[SourceDate "2020.05.31"]
[SourceVersion "1"]
[SourceVersionDate "2020.05.31"]
[SourceQuality "1"]

1. e4 c5 2. Nf3 Nc6 3. d4 cxd4 4. Nxd4 g6 5. Nc3 Bg7 6. Be3 Nf6 7. Nxc6 bxc6 8. e5 Ng8 9. Bd4 Rb8 10. Ne4 Qa5+ 11. Bc3 Qd5 12. Qxd5 cxd5 13. Ng5 e6 14. 0-0-0 Ne7 15. f4 Nc6 16. h3 0-0 17. g4 Bb7 18. Bg2 f6 19. Nf3 d4 20. Nxd4 Nxd4 21. Bxb7 Ne2+ 22. Kd2 Nxc3 23. Kxc3 Rxb7 24. b4 fxe5 25. fxe5 Bxe5+ 0-1

[Event "Medellin Aristizabal Cup"]
[Site "Medellin"]
[Date "2020.02.01"]
[Round "5"]
[White "Gomez Rondon, Samuel"]
[Black "Romero Valencia, Miguel Angel"]
[Result "0-1"]
[WhiteElo "1775"]
[BlackElo "1696"]
[PlyCount "36"]
[EventDate "2020.01.29"]
[EventType "swiss"]
[EventRounds "7"]
[EventCountry "COL"]
[SourceTitle "CBM 194 Extra"]
[Source "ChessBase"]
[SourceDate "2020.03.31"]
[SourceVersion "1"]
[SourceVersionDate "2020.03.31"]
[SourceQuality "1"]

1. e4 c5 2. Nf3 Nc6 3. d4 cxd4 4. Nxd4 e5 5. Nb5 d6 6. N1c3 Nf6 7. Bg5 a6 8. Bxf6 gxf6 9. Na3 f5 10. Bd3 fxe4 11. Bxe4 Be6 12. Qh5 d5 13. Bf5 Bxf5 14. Qxf5 Bxa3 15. bxa3 Qa5 16. Qh3 d4 17. 0-0 Qxc3 18. Qf5 Qxa3 0-1

[Event "Pan American-ch School U13"]
[Site "Medellin"]
[Date "2019.11.12"]
[Round "1"]
[White "Bedon Montesdeoca, Gabriel"]
[Black "Gomez Rondon, Samuel"]
[Result "1-0"]
[WhiteElo "1157"]
[BlackElo "1679"]
[PlyCount "74"]
[EventDate "2019.11.12"]
[EventType "swiss"]
[EventRounds "9"]
[EventCountry "COL"]
[SourceTitle "CBM 193 Extra"]
[Source "ChessBase"]
[SourceDate "2020.01.31"]
[SourceVersion "1"]
[SourceVersionDate "2020.01.31"]
[SourceQuality "1"]

1. g3 d5 2. c4 e6 3. Bg2 c6 4. cxd5 cxd5 5. Nf3 Nf6 6. d3 Bd6 7. b3 0-0 8. Bb2 Nc6 9. Nbd2 Bd7 10. 0-0 Qe7 11. a3 Rac8 12. b4 a6 13. Qb3 b5 14. Rac1 Na7 15. Qa2 e5 16. e3 Bf5 17. e4 Be6 18. Ng5 d4 19. Nxe6 fxe6 20. Bh3 Rfe8 21. Rxc8 Nxc8 22. Rc1 g5 23. Rxc8 g4 24. Rxe8+ Qxe8 25. Bg2 Qc6 26. Qxe6+ Kg7 27. Qb3 Qc7 28. Qd1 h5 29. h4 Kf7 30. Qc1 Qb6 31. Nb3 Be7 32. Nc5 a5 33. f3 axb4 34. axb4 gxf3 35. Bxf3 Qa7 36. Qc2 Kg6 37. Kf2 Qc7 1-0

[Event "Pan American-ch School U13"]
[Site "Medellin"]
[Date "2019.11.12"]
[Round "2"]
[White "Gomez Rondon, Samuel"]
[Black "Aguilar Castillo, Mateo"]
[Result "1-0"]
[WhiteElo "1679"]
[BlackElo "1083"]
[PlyCount "87"]
[EventDate "2019.11.12"]
[EventType "swiss"]
[EventRounds "9"]
[EventCountry "COL"]
[SourceTitle "CBM 193 Extra"]
[Source "ChessBase"]
[SourceDate "2020.01.31"]
[SourceVersion "1"]
[SourceVersionDate "2020.01.31"]
[SourceQuality "1"]

1. e4 e5 2. Nf3 Nc6 3. Bb5 d6 4. Nc3 Nf6 5. d4 Bd7 6. Bg5 Be7 7. dxe5 dxe5 8. Bxf6 Bxf6 9. Nd5 a6 10. Ba4 b5 11. Bb3 Na5 12. Qd2 Nxb3 13. axb3 Bc6 14. 0-0-0 0-0 15. Qc3 Bxd5 16. Rxd5 Qe7 17. Rhd1 Rac8 18. Qc6 Qb4 19. Nxe5 Qxe4 20. Nd7 Qf4+ 21. Kb1 Rfe8 22. Qxa6 c6 23. Nxf6+ gxf6 24. Rd7 Qxf2 25. Qb7 Qe2 26. Rc1 Qe6 27. Rcd1 f5 28. R1d6 Qe1+ 29. Rd1 Qh4 30. Rxf7 Qxh2 31. Rxf5 Qxg2 32. Qf7+ Kh8 33. Qf6+ Qg7 34. Qxg7+ Kxg7 35. Rg5+ Kh8 36. Rh1 Re7 37. Rg6 c5 38. Rb6 b4 39. c3 bxc3 40. Rb7 Rc6 41. Rxh7+ Kg8 42. Rh8+ Kg7 43. Rh7+ Kf6 44. Rbxe7 1-0

[Event "Medellin Aristizabal Cup"]
[Site "Medellin"]
[Date "2019.06.22"]
[Round "3"]
[White "Gomez Rondon, Samuel"]
[Black "Soto, Cristian Camilo"]
[Result "1-0"]
[WhiteElo "1687"]
[BlackElo "2096"]
[PlyCount "139"]
[EventDate "2019.06.21"]
[EventType "swiss"]
[EventRounds "7"]
[EventCountry "COL"]
[SourceTitle "EXT 2020"]
[Source "ChessBase"]
[SourceDate "2019.10.17"]
[SourceVersion "1"]
[SourceVersionDate "2019.10.17"]
[SourceQuality "1"]

1. e4 c5 2. Nf3 e6 3. d4 cxd4 4. Nxd4 a6 5. Bd3 Qc7 6. Nc3 b6 7. 0-0 Bb7 8. Be3 d6 9. f4 Nd7 10. f5 e5 11. Nb3 Ngf6 12. Qe2 Nc5 13. Nxc5 dxc5 14. Bg5 Be7 15. Bxf6 Bxf6 16. Bc4 Ra7 17. Bd5 Bc8 18. Bb3 Bb7 19. Bd5 Bc8 20. Bb3 0-0 21. Nd5 Qc6 22. c4 Rd7 23. Rf3 Bg5 24. f6 gxf6 25. h4 Bxh4 26. Rh3 Bg5 27. Qh5 h6 28. Rf1 Rxd5 29. cxd5 Qd6 30. Rg3 Kg7 31. Bd1 c4 32. Bg4 Bxg4 33. Rxg4 b5 34. Rg3 Qc5+ 35. Kh1 Qd4 36. Qe2 b4 37. Rd1 Qc5 38. d6 Rd8 39. d7 Kf8 40. a3 a5 41. axb4 axb4 42. Qc2 Qc6 43. Rf3 Ke7 44. Rff1 Rxd7 45. Rxd7+ Kxd7 46. Ra1 Ke7 47. Rd1 Kf8 48. Ra1 Be3 49. Qa4 Qxa4 50. Rxa4 c3 51. bxc3 bxc3 52. Rc4 Bd2 53. g4 h5 54. gxh5 Kg7 55. Kg2 Kh6 56. Kf3 Kxh5 57. Rc8 Kg6 58. Kg4 Be1 59. Rg8+ Kh7 60. Rc8 Kg6 61. Rg8+ Kh6 62. Kf5 Bd2 63. Kxf6 Kh5 64. Rc8 Kg4 65. Kxe5 Kf3 66. Kd4 Ke2 67. e5 Kd1 68. Kd3 Be1 69. Rc7 Bd2 70. Rxf7 1-0

[Event "COL-ch sf1"]
[Site "Medellin"]
[Date "2019.04.20"]
[Round "9"]
[White "Martinez, Mauricio"]
[Black "Gomez Rondon, Samuel"]
[Result "0-1"]
[WhiteElo "1967"]
[BlackElo "1696"]
[PlyCount "56"]
[EventDate "2019.04.16"]
[EventType "swiss"]
[EventRounds "10"]
[EventCountry "COL"]
[SourceTitle "CBM 190 Extra"]
[Source "ChessBase"]
[SourceDate "2019.07.15"]
[SourceVersion "1"]
[SourceVersionDate "2019.07.15"]
[SourceQuality "1"]

1. Nf3 Nf6 2. b3 g6 3. Bb2 Bg7 4. e3 0-0 5. d3 d6 6. Nbd2 e5 7. h3 Nc6 8. g3 Be6 9. Bg2 Qd7 10. Ng5 Rae8 11. Nxe6 fxe6 12. Qe2 Rf7 13. 0-0 Ref8 14. e4 h6 15. Rac1 Nd4 16. Qd1 Nh5 17. c3 Nc6 18. Bf3 Nf6 19. Bg2 Nh5 20. Bf3 Nf6 21. b4 b5 22. Bg2 Nh5 23. Nf3 Kh7 24. Nh4 Bf6 25. Nxg6 Kxg6 26. Qg4+ Bg5 27. h4 Nf6 28. Qe2 Bxc1 0-1

[Event "COL-ch sf1"]
[Site "Medellin"]
[Date "2019.04.17"]
[Round "2"]
[White "Gomez Rondon, Samuel"]
[Black "Torres, Juan Camilo"]
[Result "0-1"]
[WhiteElo "1696"]
[BlackElo "2289"]
[PlyCount "84"]
[EventDate "2019.04.16"]
[EventType "swiss"]
[EventRounds "10"]
[EventCountry "COL"]
[SourceTitle "CBM 190 Extra"]
[Source "ChessBase"]
[SourceDate "2019.07.15"]
[SourceVersion "1"]
[SourceVersionDate "2019.07.15"]
[SourceQuality "1"]

1. e4 c5 2. Nf3 e6 3. d4 cxd4 4. Nxd4 a6 5. Bd3 Nf6 6. 0-0 Qc7 7. Nc3 d6 8. f4 Be7 9. Be3 0-0 10. Qf3 Nbd7 11. Qg3 Re8 12. f5 Ne5 13. fxe6 fxe6 14. Bh6 g6 15. Be3 Nfg4 16. h3 Nxe3 17. Qxe3 Bd7 18. Nb3 Rf8 19. Kh1 Bf6 20. Rf2 Bg7 21. Raf1 Rxf2 22. Rxf2 b5 23. Qg5 Qd8 24. Qxd8+ Rxd8 25. Na5 Rb8 26. Rd2 Kf8 27. Be2 Ke7 28. a3 Nc6 29. Nxc6+ Bxc6 30. Bf3 b4 31. Nd1 bxa3 32. bxa3 Rb1 33. Kh2 Be5+ 34. g3 Bb5 35. Nf2 Ra1 36. Nd3 Bc3 37. Rd1 Rxa3 38. e5 dxe5 39. Bg4 Ra2 40. Nc5 Rxc2+ 41. Kh1 Bc6+ 42. Kg1 Bd4+ 0-1

[Event "COL-ch U20"]
[Site "Medellin"]
[Date "2019.03.16"]
[Round "6"]
[White "Gomez Rondon, Samuel"]
[Black "Espinosa Avila, Jose David"]
[Result "1-0"]
[WhiteElo "1685"]
[BlackElo "1403"]
[PlyCount "91"]
[EventDate "2019.03.13"]
[EventType "swiss"]
[EventRounds "7"]
[EventCountry "COL"]
[SourceTitle "CBM 189 Extra"]
[Source "ChessBase"]
[SourceDate "2019.06.03"]
[SourceVersion "1"]
[SourceVersionDate "2019.06.03"]
[SourceQuality "1"]

1. e4 e6 2. d4 d5 3. exd5 exd5 4. Bd3 Bd6 5. Nf3 Nc6 6. c3 Bg4 7. h3 Bh5 8. Be3 Nge7 9. Nbd2 f6 10. Qc2 Qd7 11. 0-0-0 Bg6 12. Rde1 Bxd3 13. Qxd3 0-0-0 14. Nb3 Qf5 15. Qxf5+ Nxf5 16. Bd2 g5 17. g4 Ng7 18. Nc5 h5 19. Nd3 Rde8 20. Kd1 b6 21. Be3 Re4 22. Nd2 Re7 23. h4 hxg4 24. hxg5 Rxh1 25. Rxh1 fxg5 26. Bxg5 Rf7 27. Rg1 Ne6 28. Bh4 Rg7 29. Bg3 Kd7 30. b4 Be7 31. Ne5+ Nxe5 32. Bxe5 Rg5 33. Nf1 a5 34. bxa5 bxa5 35. Ne3 c6 36. Rxg4 Rh5 37. Rg8 a4 38. Rh8 Rxh8 39. Bxh8 Kc7 40. Be5+ Kb6 41. f4 Kb5 42. f5 Ng5 43. f6 Ba3 44. Nf5 Kc4 45. Kc2 Bf8 46. Bd6 1-0

[Event "COL-ch U20"]
[Site "Medellin"]
[Date "2019.03.15"]
[Round "5"]
[White "Cabrera Novoa, Emanuel"]
[Black "Gomez Rondon, Samuel"]
[Result "0-1"]
[WhiteElo "1306"]
[BlackElo "1685"]
[PlyCount "40"]
[EventDate "2019.03.13"]
[EventType "swiss"]
[EventRounds "7"]
[EventCountry "COL"]
[SourceTitle "CBM 189 Extra"]
[Source "ChessBase"]
[SourceDate "2019.06.03"]
[SourceVersion "1"]
[SourceVersionDate "2019.06.03"]
[SourceQuality "1"]

1. e4 c5 2. Nc3 Nc6 3. Bb5 Nd4 4. Bc4 g6 5. f4 Bg7 6. Nf3 e6 7. 0-0 Ne7 8. Ne2 b5 9. Nexd4 bxc4 10. Nb5 Qb6 11. Nc3 0-0 12. e5 Nf5 13. Ne4 Bb7 14. Re1 Nd4 15. d3 cxd3 16. Qxd3 Nxf3+ 17. gxf3 c4+ 18. Qe3 Bxe4 19. fxe4 d5 20. exd6 Bd4 0-1

[Event "Medellin Raza op 8th"]
[Site "Medellin"]
[Date "2018.10.07"]
[Round "7"]
[White "Gomez Rondon, Samuel"]
[Black "Lopez Idarraga, Daniel Eduardo"]
[Result "1-0"]
[WhiteElo "1636"]
[BlackElo "2015"]
[PlyCount "71"]
[EventDate "2018.10.04"]
[EventType "swiss"]
[EventRounds "7"]
[EventCountry "COL"]
[SourceTitle "CBM 186 Extra"]
[Source "ChessBase"]
[SourceDate "2018.08.24"]
[SourceVersion "1"]
[SourceVersionDate "2018.08.24"]
[SourceQuality "1"]

1. e4 c5 2. Nf3 g6 3. d4 cxd4 4. Nxd4 Nc6 5. Be3 Nf6 6. Nc3 Bg7 7. Bc4 0-0 8. Bb3 a5 9. a4 Ng4 10. Nxc6 Nxe3 11. Nxd8 Nxd1 12. Rxd1 Bxc3+ 13. bxc3 Rxd8 14. 0-0 d6 15. e5 Ra6 16. Rd4 Be6 17. Rfd1 Bxb3 18. cxb3 Rc8 19. exd6 exd6 20. c4 Rcc6 21. Kf1 Kf8 22. Rd5 Ke7 23. R1d3 b6 24. Re3+ Kd7 25. Rf3 f5 26. Rh3 Rc5 27. Rxh7+ Kc6 28. Rd3 Re5 29. Rh6 Re6 30. Rg3 Re4 31. Rhxg6 Rd4 32. Ke2 Ra8 33. Rd3 Re4+ 34. Kd2 Rae8 35. Rdxd6+ Kc5 36. Kc3 1-0

[Event "Medellin Raza op 8th"]
[Site "Medellin"]
[Date "2018.10.07"]
[Round "6"]
[White "Leon Acevedo, Juan Alejandro"]
[Black "Gomez Rondon, Samuel"]
[Result "1/2-1/2"]
[WhiteElo "1789"]
[BlackElo "1636"]
[PlyCount "21"]
[EventDate "2018.10.04"]
[EventType "swiss"]
[EventRounds "7"]
[EventCountry "COL"]
[SourceTitle "CBM 186 Extra"]
[Source "ChessBase"]
[SourceDate "2018.08.24"]
[SourceVersion "1"]
[SourceVersionDate "2018.08.24"]
[SourceQuality "1"]

1. d4 Nf6 2. Nf3 g6 3. g3 Bg7 4. Bg2 0-0 5. 0-0 d6 6. c4 Nc6 7. Nc3 Bg4 8. h3 Bxf3 9. exf3 e5 10. Re1 Nd7 11. f4 1/2-1/2

[Event "Medellin Raza op 8th"]
[Site "Medellin"]
[Date "2018.10.06"]
[Round "4"]
[White "Perdomo, Jefferson"]
[Black "Gomez Rondon, Samuel"]
[Result "0-1"]
[WhiteElo "2017"]
[BlackElo "1636"]
[PlyCount "84"]
[EventDate "2018.10.04"]
[EventType "swiss"]
[EventRounds "7"]
[EventCountry "COL"]
[SourceTitle "CBM 186 Extra"]
[Source "ChessBase"]
[SourceDate "2018.08.24"]
[SourceVersion "1"]
[SourceVersionDate "2018.08.24"]
[SourceQuality "1"]

1. d4 Nf6 2. Bg5 c5 3. Bxf6 exf6 4. Nf3 Nc6 5. e3 Qb6 6. b3 Bd6 7. c3 0-0 8. Be2 cxd4 9. exd4 Bf4 10. 0-0 d5 11. Nbd2 Be6 12. g3 Bd6 13. Nh4 Ne7 14. Rc1 Rac8 15. b4 Ng6 16. Nxg6 fxg6 17. f4 Rxc3 18. Nf3 Rxc1 19. Qxc1 Qxb4 20. Qe3 Re8 21. Bd3 Qa4 22. Qf2 Bf5 23. Bxf5 gxf5 24. Rc1 Qa3 25. Rc2 Qe3 26. Nh4 g6 27. Ng2 Qxf2+ 28. Kxf2 Re4 29. Rc8+ Kf7 30. Rd8 Bc7 31. Rxd5 Bb6 32. Rd7+ Re7 33. Rxe7+ Kxe7 34. Ke3 Kd6 35. Kd3 Ba5 36. Kc4 Bd2 37. h3 a6 38. Kd3 Ba5 39. g4 fxg4 40. hxg4 Bd8 41. Ke4 b5 42. Ne3 Bb6 0-1

[Event "Medellin Raza op 8th"]
[Site "Medellin"]
[Date "2018.10.04"]
[Round "1"]
[White "Soto, Cristian Camilo"]
[Black "Gomez Rondon, Samuel"]
[Result "1-0"]
[WhiteElo "2130"]
[BlackElo "1636"]
[PlyCount "69"]
[EventDate "2018.10.04"]
[EventType "swiss"]
[EventRounds "7"]
[EventCountry "COL"]
[SourceTitle "CBM 186 Extra"]
[Source "ChessBase"]
[SourceDate "2018.08.24"]
[SourceVersion "1"]
[SourceVersionDate "2018.08.24"]
[SourceQuality "1"]

1. f4 Nf6 2. Nf3 g6 3. b3 Bg7 4. Bb2 0-0 5. e3 Nc6 6. Be2 d6 7. 0-0 Bf5 8. d3 Re8 9. e4 Bd7 10. Nh4 e5 11. f5 Nd4 12. c3 Nxe2+ 13. Qxe2 Bc6 14. c4 Nh5 15. g3 Qg5 16. Bc1 Nf4 17. Qf3 gxf5 18. Nc3 Re6 19. Nd5 Bxd5 20. cxd5 fxe4 21. dxe4 Rf6 22. Nf5 Kh8 23. Kh1 Rg8 24. gxf4 exf4 25. Bxf4 Rxf5 26. exf5 Qxf5 27. Rae1 Qc2 28. Re2 Qf5 29. Rg2 h6 30. Rfg1 Kh7 31. Qg4 Qd3 32. Qxg7+ Rxg7 33. Rxg7+ Kh8 34. Rg8+ Kh7 35. R1g7# 1-0

[Event "Medellin Aristizabal Cup"]
[Site "Medellin"]
[Date "2018.07.07"]
[Round "5"]
[White "Chirivi Castiblanco, Angie Lizeth"]
[Black "Gomez Rondon, Samuel"]
[Result "1-0"]
[WhiteElo "2093"]
[BlackElo "1546"]
[PlyCount "51"]
[EventDate "2018.07.04"]
[EventType "swiss"]
[EventRounds "7"]
[EventCountry "COL"]
[SourceTitle "CBM 185 Extra"]
[Source "ChessBase"]
[SourceDate "2018.07.29"]
[SourceVersion "1"]
[SourceVersionDate "2018.07.29"]
[SourceQuality "1"]

1. e4 c5 2. Nf3 d6 3. c3 Nc6 4. h3 Nf6 5. Bd3 g6 6. Bc2 Bg7 7. 0-0 0-0 8. d4 cxd4 9. cxd4 Bd7 10. Nc3 Rc8 11. Be3 Nb4 12. Bb3 a5 13. a3 Na6 14. Qd2 b5 15. e5 Ne8 16. Rfe1 e6 17. Bg5 f6 18. exf6 Bxf6 19. Bxe6+ Bxe6 20. Rxe6 b4 21. Nd5 Bxg5 22. Nxg5 Rc4 23. Ne7+ Kh8 24. Nxh7 Kxh7 25. Rxg6 Rf4 26. Qxf4 1-0

[Event "Medellin Aristizabal Cup"]
[Site "Medellin"]
[Date "2018.07.06"]
[Round "3"]
[White "Gomez Rondon, Samuel"]
[Black "Garces Trujillo, Luis Javier"]
[Result "0-1"]
[WhiteElo "1546"]
[BlackElo "1914"]
[PlyCount "106"]
[EventDate "2018.07.04"]
[EventType "swiss"]
[EventRounds "7"]
[EventCountry "COL"]
[SourceTitle "CBM 185 Extra"]
[Source "ChessBase"]
[SourceDate "2018.07.29"]
[SourceVersion "1"]
[SourceVersionDate "2018.07.29"]
[SourceQuality "1"]

1. e4 c5 2. Nf3 d6 3. d4 cxd4 4. Nxd4 Nf6 5. Nc3 g6 6. Be3 Bg7 7. f3 Nc6 8. Qd2 Bd7 9. Bc4 Rc8 10. Bb3 0-0 11. h4 h5 12. 0-0-0 Na5 13. g4 Nxb3+ 14. axb3 Qa5 15. g5 Ne8 16. Kb1 e6 17. Na4 Qa6 18. Qd3 b5 19. Nc3 Rb8 20. b4 Qb7 21. Nb3 a6 22. Bf4 e5 23. Be3 Be6 24. Nd5 Bxd5 25. Qxd5 Qxd5 26. Rxd5 f6 27. f4 f5 28. exf5 Rxf5 29. fxe5 Bxe5 30. Rhd1 Rc8 31. Bd4 Nc7 32. Bxe5 Nxd5 33. Rxd5 dxe5 34. Nc5 e4 35. Nxe4 Rxd5 36. Nf6+ Kf7 37. Nxd5 Rc4 38. b3 Rxh4 39. Nc7 Rxb4 40. Nxa6 Rg4 41. Nc7 Rxg5 42. c4 bxc4 43. b4 h4 44. b5 Rxb5+ 45. Nxb5 h3 46. Nd6+ Ke6 47. Ne4 Kf5 48. Nf2 h2 49. Kc2 Kf4 50. Kd2 Kf3 51. Nh1 Kg2 52. Ke2 Kxh1 53. Kf1 c3 0-1